000
00276nam a2200121 a 4500
008
110105s1961|||| d
245
1
0
_a
Život Karola Marxa
260
_b
SVPL
_a
Bratislava
_c
1961
020
_c
17
041
_a
slo
044
_a
xo
_c
SK
100
1
_a
Mehring, Franz
999
_c
15527
_d
15527